| 000 | 00715nam a2200229Ia 4500 | ||
|---|---|---|---|
| 001 | 3357 | ||
| 003 | GE_BSU | ||
| 008 | 181216s||||||||xx |||||||||||||| ||und|| | ||
| 040 | _cGE_BSU | ||
| 080 | _a621.9.06(035.3) | ||
| 245 | _aМеталлорежущие станки.Часть 1.Станки токарной группы. | ||
| 245 | _bКаталог-справочник. | ||
| 245 | _cРед. науч. А.Б.Бельская. | ||
| 250 | _aИзд 2-ое, испр. и дополненное. | ||
| 260 | _aМ. | ||
| 260 | _bНимаш. | ||
| 260 | _c1969. | ||
| 300 | _a361 стр. с илл. 22 см. | ||
| 300 | _eтабл. | ||
| 653 | _aМеталлорежущие станки. | ||
| 942 | _cBK | ||
| 999 |
_c37398 _d37398 |
||